| 000 | 00753nam a2200241 a 4500 | ||
|---|---|---|---|
| 003 | OSt | ||
| 005 | 20131105182638.0 | ||
| 008 | 131105s1983 sz ||||| |||| 00| 0 spa d | ||
| 020 | _a92-4-354151-X | ||
| 040 | _cBiblioteca Medicina | ||
| 041 | _aspa | ||
| 082 | _aOMS QV 738 MW6 | ||
| 110 |
_aOrganizacion Mundial de la Salud _91006 |
||
| 245 | 0 | 0 | _aFarmacopea Internacional. Vol. 2: normas de calidad |
| 250 | _a3° ed. | ||
| 260 |
_aGinebra _bOrganizacion Mundial de la Salud _c1983 |
||
| 300 | _a378 p. | ||
| 653 | _aFARMACOPEAS | ||
| 653 | _aBIOQUIMICA | ||
| 856 | _yhttp://www.who.int/publications/es/ | ||
| 942 |
_2ddc _cPH |
||
| 999 |
_c2012 _d2012 |
||
| 952 |
_pH0263 _40 _00 _bBFM _10 _oOMS QV 738 MW6 _d2013-11-05 _tEj. 1 _8NFIC _70 _cCR _2ddc _yPH _aBFM |
||